Third National Development Plan: annual report (Record no. 81304)

MARC details
000 -LEADER
fixed length control field 00975nam a2200193 a 4500
008 - FIXED-LENGTH DATA ELEMENTS--GENERAL INFORMATION
fixed length control field 090603s1980 ||||||||||||||||| || u
050 ## - LIBRARY OF CONGRESS CALL NUMBER
Classification number HC 517.Z2 Zam
110 ## - MAIN ENTRY--CORPORATE NAME
Corporate name or jurisdiction name as entry element National Commission for Development Planning (NCDP)
245 10 - TITLE STATEMENT
Title Third National Development Plan: annual report
260 ## - PUBLICATION, DISTRIBUTION, ETC.
Place of publication, distribution, etc. Lusaka
Name of publisher, distributor, etc. NCDP
Date of publication, distribution, etc. 1980
300 ## - PHYSICAL DESCRIPTION
Extent 310p.; ill.
350 ## -
-- 0.00
500 ## - GENERAL NOTE
General note 1981
650 ## - SUBJECT ADDED ENTRY--TOPICAL TERM
Topical term or geographic name entry element ECONOMIC DEVELOPMENT PLAN--ZAMBIA
650 #0 - SUBJECT ADDED ENTRY--TOPICAL TERM
Topical term or geographic name entry element AFRICA--ECONOMIC CONDITIONS
995 ## -
-- BINDERY (DAMAGED)
-- 0.00
-- 700846
-- CBU-MAIN LIBRARY (Kitwe)
-- 1
-- 0.00
-- HC 517.Z2 ZAM
-- 2
-- DAMAGED
-- Jun 4, 2009
-- 700846
-- Main Library Open Access Collection
995 ## -
-- BINDERY (DAMAGED)
-- 0.00
-- 700847
-- CBU-MAIN LIBRARY (Kitwe)
-- 1
-- 0.00
-- HC 517.Z2 ZAM
-- 3
-- DAMAGED
-- Jun 11, 2009
-- 700847
-- Main Library Open Access Collection
995 ## -
-- BINDERY (DAMAGED)
-- 0.00
-- 703727
-- CBU-MAIN LIBRARY (Kitwe)
-- 1
-- 0.00
-- HC 517.Z2 ZAM
-- 1
-- AVAILABLE
-- Jun 3, 2009
-- 703727
-- Main Library Open Access Collection
999 ## -
-- 81304
-- 81304
Holdings
Withdrawn status Lost status Source of classification or shelving scheme Damaged status Not for loan Permanent Location Current Location Shelving location Date acquired Total Checkouts Full call number Barcode Date last seen Copy number Price effective from Koha item type
          CBU-MAIN LIBRARY, KITWE. CBU-MAIN LIBRARY, KITWE.   08/18/2023   HC 517.Z2 Zam 700846 08/18/2023 1 08/18/2023 MONOGRAPH
          CBU-MAIN LIBRARY, KITWE. CBU-MAIN LIBRARY, KITWE.   08/18/2023   HC 517.Z2 Zam 700847 08/18/2023 2 08/18/2023 MONOGRAPH
          CBU-MAIN LIBRARY, KITWE. CBU-MAIN LIBRARY, KITWE.   08/18/2023   HC 517.Z2 Zam 703727 08/18/2023 3 08/18/2023 MONOGRAPH